00430nam a2200169Ia 450000500170000000800410001702000180005804100080007608200150008410000150009924500280011426000380014230000090018050000280018965000280021770000150024520251120130708.0230125s9999 xx 000 0 und d a81-7809-184-4 aeng a158.1bDEA aDearlove D aThe Richard Branson Way c2003bMagna books pub co.aMumbai a172p aPersonality Development aPersonality Development aDearlove D